La fragmentación jurídico-institucional como obstáculo para aplicar el paradigma ambiental /
Guardat en:
| Autor principal: | |
|---|---|
| Altres autors: | |
| Format: | Llibre |
| Idioma: | Spanish |
| Etiquetes: |
Afegir etiqueta
Sense etiquetes, Sigues el primer a etiquetar aquest registre!
|
MARC
| LEADER | 00000nam a22000007a 4500 | ||
|---|---|---|---|
| 003 | cru CIDCACS/IIS | ||
| 005 | 20170804144715.0 | ||
| 007 | ta | ||
| 008 | 170804s2016 cr |||p|r|||| 00| 0 spa d | ||
| 999 | |c 19550 |d 19550 | ||
| 040 | |c cru CIDCACS/IIS | ||
| 100 | 1 | |9 5106 |a Minaverry, Clara María | |
| 245 | 1 | 3 | |a La fragmentación jurídico-institucional como obstáculo para aplicar el paradigma ambiental / |c Clara María Minaverry, Mariano Ferro |
| 300 | |a páginas 115-129: |b mapas | ||
| 700 | 1 | |9 5107 |a Ferro, Mariano | |
| 773 | 0 | |0 19529 |9 1076 |a Universidad de Costa Rica. |d San José, Costa Rica: Editorial de la Universidad de Costa Rica, ago. 1992- |o 17918 |t Reflexiones / | |
| 942 | |2 ddc |c PP | ||
